00776nam a2200241 a 4500001001300000003000900013005001700022008004100039020002700080082001300107100002700120245008100147260002700228300000900255500003500264505003200299650002800331700002700359902000800386942000700394952011600401999001700517nice12345678IN_TiNIC20260116013815.0050524s1992 dela grp 000 0 eng  a0803946 c1124.5500a150bWRI aWrightsman, Lawrence S aAssumptions About Human Natureb Implications for Researchers and Practition aDelhibSage Pub c1992 a368p aincludes index and biblioraphy2 aAppendix, References, Index aPsychology-Human Nature1 aWrightsman, Lawrence S bSRS cBK 001040708StackRoom-aHMIbHMId2007-03-15g1124.55l0o150 WRIp016137r2007-03-15v1124.55w2005-05-24yBK c12604d12604